| 000 | 00449nam a2200157Ia 4500 | ||
|---|---|---|---|
| 999 |
_c32643 _d32643 |
||
| 003 | OSt | ||
| 005 | 20200918104248.0 | ||
| 008 | 190216s9999||||xx |||||||||||||| ||und|| | ||
| 040 | _coclc | ||
| 082 |
_a530 _bNIG/G |
||
| 100 |
_aNightingale, E _94727 |
||
| 245 | 0 |
_aGeneral Physics / _cE Nightingale ; W Pearson |
|
| 260 |
_bG Bell And Sons Ltd, _aLondon: _c1962. |
||
| 300 | _a552p | ||
| 942 |
_cBK _2ddc _h530 _iNIG/G _k530 _mNIG/G |
||